| 000 | 00760cam a2200241 a 4500 | ||
|---|---|---|---|
| 001 | 000015364 | ||
| 003 | UkOxU | ||
| 005 | 20200929164023.0 | ||
| 008 | 500101s1964 xxk 000 0 spa d | ||
| 020 | _a0851514200 | ||
| 035 | _aOCLC ocm30242708 from D960620M | ||
| 040 |
_aDO-SdBNP _bspa _cBNPHU _dEQO _dBNPHU |
||
| 082 |
_a226.8 _bN864r |
||
| 100 | 1 |
_aNorth, Brownlow, _d1810-1875. _934726 |
|
| 245 | 1 | 3 |
_aEl rico y Lázaro / _cBrownlow North ; traducción Francisco Adrover. |
| 260 |
_aGran Bretaña : _bEl Estandares de la Verdad, _c1964. |
||
| 300 |
_a118 p. ; _c19 cm. |
||
| 500 | _aSeguda impresión, 1984. | ||
| 650 | 4 |
_aParábolas bíblicas _922956 |
|
| 700 | 1 |
_aAdrover, Francisco, _etr. _934727 |
|
| 910 | _aCatalogación derivada | ||
| 049 | _aBNGR | ||
| 999 |
_c14929 _d14929 |
||